| 000 | 00749nam a2200229Ia 4500 | ||
|---|---|---|---|
| 003 | GCL | ||
| 008 | 140319s9999 xx 000 0 ara d | ||
| 040 |
_aGCL / _cGCL |
||
| 082 | 0 | 4 |
_a264 _bع م |
| 100 | 1 | _aعبدالحليم عبدالغنى محمد قاسم | |
| 245 | 1 | 0 |
_aالمذاهب الصوفية ومدارسها / _cعبدالحليم عبدالغنى محمد قاسم |
| 260 |
_aالقاهرة : _bمكتبة مدبولى ، _c1989 |
||
| 300 |
_a219 ص ؛ _c24 سم |
||
| 490 | _a | ||
| 650 | 0 | 4 | _aالتصوف الاسلامى |
| 650 | 0 | 4 | _aمدرسة البصرة |
| 650 | 0 | 4 | _aمدارس |
| 650 | 0 | 4 | _aمدرسة المدينة |
| 650 | 0 | 4 | _aمدرسة بغداد |
| 650 | 0 | 4 | _aمدرسة الكوفة |
| 942 |
_2ddc _cBK |
||
| 999 |
_c55685 _d55685 |
||